Pisarz w czasach wojny i emigracji
| Titel: | Pisarz w czasach wojny i emigracji : Ferdynand Goetel i jego twórczość w latach 1939-1960 / Krzysztof Polechoński |
|---|---|
| Verfasser: | |
| Veröffentlicht: | Wrocław [ua.] : Wydział Filologiczny Uniwersytetu Wrocławskiego, 2012 |
| Umfang: | 688 S. : Ill. ; 24 cm |
| Format: | Buch |
| Sprache: | Polnisch |
| Schriftenreihe/ mehrbändiges Werk: |
Acta Universitatis Wratislaviensis ; 3404 |
| RVK-Notation: | |
| ISBN: | 8322932928 ; 9788322932926 |
| Hinweise zum Inhalt: |
Inhaltsverzeichnis
|
| Lokale Klassifikation: | 2 G 1299 |
|---|
alg: 31027658
001A $03004:18-10-12
001B $06055:06-03-26 $t18:42:31.000
001C $03004:05-02-13 $t09:55:58.000
001D $03004:05-02-13
001U $0utf8
001X $00
002@ $0Aau
003@ $0310276586
004A $083-229-3292-8
004A $A978-83-229-3292-6
007A $0310276586 $aHEB
007G $0DE020419D3D1DB78768F5C1257B26004C9DFC
009P $qapplication/pdf $A2 $3Inhaltsverzeichnis $uhttp://scans.hebis.de/HEBCGI/show.pl?31027658_toc.pdf $mV:DE-603;B:DE-Mb50
010@ $apol
011@ $a2012
021A $aPisarz w czasach wojny i emigracji $dFerdynand Goetel i jego twórczość w latach 1939-1960 $hKrzysztof Polechoński
028A $#Polechoński, Krzysztof Czesław $D20231015 $Ecgwrk $71044011777 $8Polechoński, Krzysztof$Z1964- [Tp1] $9333499212
033A $pWrocław {[ua.] $nWydział Filologiczny Uniwersytetu Wrocławskiego
034D $a688 S.
034I $a24 cm
034M $aIll.
036E $aActa Universitatis Wratislaviensis $l3404
036F $x43404 $8Acta Universitatis Wratislaviensis $9004070305 $l3404
037A $aInf. o współpracy wydawniczej na s. red
044A $aPolacy $2jhpk $S7 $xżycie intelektualne $y1945- $zza granicą
044K $#Goetel, Ferdinand $D20251120 $Ecgmnf $712940022X $8Goetel, Ferdynand$Z1890-1960 [Tp1] $9123745608
045Z $D20251120 $Ecgmnf $8KO 1075 [Tkv] $9409248592
lok: 31027658 24
101B $005-02-13 $t09:57:49.000
101C $005-02-13
101U $0utf8
145Z/01 $a2 G 1299
exp: 31027658 24 1 #EPN
201B/01 $005-02-13 $t09:57:49.000
201C/01 $018-10-12
201U/01 $0utf8
203@/01 $0651326060
208@/01 $a05-02-13 $bz
209A/01 $a13.00501 $du $f050 $h13 00501 $x00
209C/01 $a13.00501 K $h13 00501 K
209G/01 $a73171377 $x00
220C/01 $anie
244Z/01 $#Goetel, Ferdinand $712940022X $8--Tp1--Goetel, Ferdynand$Z1890-1960 $x01 $9123745608
247C/01 $8358050-7 Marburg, Bibliothek des Herder-Instituts Marburg $9102600961
| LEADER | 00000cam a2200000 c 4500 | ||
|---|---|---|---|
| 001 | 310276586 | ||
| 003 | DE-603 | ||
| 005 | 20260306184231.0 | ||
| 007 | tu | ||
| 008 | 121018s2012 xx |||| | u00||u|pol c | ||
| 020 | |a 8322932928 | ||
| 020 | |a 9788322932926 | ||
| 035 | |a (DE-599)HEB310276586 | ||
| 040 | |a DE-603 |b ger |c DE-603 |d DE-603 | ||
| 041 | |a pol | ||
| 084 | |a KO 1075 |0 (DE-625)80046: |0 (DE-603)409248592 |2 rvk | ||
| 100 | 1 | |a Polechoński, Krzysztof |d 1964- |0 (DE-603)333499212 |0 (DE-588)1044011777 |2 gnd | |
| 245 | 0 | 0 | |a Pisarz w czasach wojny i emigracji |b Ferdynand Goetel i jego twórczość w latach 1939-1960 |c Krzysztof Polechoński |
| 264 | 1 | |a Wrocław [ua.] |b Wydział Filologiczny Uniwersytetu Wrocławskiego |c 2012 | |
| 300 | |a 688 S. |b Ill. |c 24 cm | ||
| 490 | 1 | |a Acta Universitatis Wratislaviensis |v 3404 | |
| 500 | |a Inf. o współpracy wydawniczej na s. red | ||
| 600 | 1 | 7 | |a Goetel, Ferdynand |d 1890-1960 |0 (DE-588)12940022X |0 (DE-603)123745608 |2 gnd |
| 810 | 2 | 2 | |a Uniwersytet Wrocławski im. Bolesława Bieruta |t Acta Universitatis Wratislaviensis |v 3404 |w (DE-603)004070305 |w (DE-600)109-0 |9 43404 |7 as |
| 856 | 4 | 2 | |m V:DE-603;B:DE-Mb50 |q application/pdf |u http://scans.hebis.de/HEBCGI/show.pl?31027658_toc.pdf |3 Inhaltsverzeichnis |
| 924 | 0 | |9 Mb 50 |a (DE-603)651326060 |b DE-Mb50 |c HES |d c |g 13.00501 | |


